[Event "9MCR_4D_1L_3S"]
[Site "?"]
[Date "2010.??.??"]
[Round "?"]
[White "Gubas, Jan"]
[Black "Jarabinsky, Martin"]
[Result "1/2-1/2"]
[WhiteElo "2326"]
[BlackElo "2081"]
[Annotator "012"]
[PlyCount "56"]
[EventDate "2010.??.??"]
[EventType "corr"]
[SourceDate "2002.06.29"]

1. e4 e5 2. Nf3 Nf6 3. d4 d6 4. Nc3 Nbd7 5. Bc4 Be7 6. O-O O-O 7. a4 c6 8. a5
Rb8 9. h3 b5 10. axb6 axb6 11. Ba2 Bb7 12. Be3 Qc7 13. dxe5 Nxe5 14. Nxe5 dxe5
15. Qe2 Ra8 16. f3 Nd7 17. Qf2 Bd6 18. Ne2 Ba6 19. Rfd1 Be7 20. Nc3 Bb7 21. Rd2
b5 22. Rad1 Rfd8 23. Bb3 Nf8 24. Bb6 Rxd2 25. Bxc7 Rxf2 26. Kxf2 Bc5+ 27. Ke2
Bd4 28. f4 b4 1/2-1/2

[Event "9MCR_4D_1L_3S"]
[Site "?"]
[Date "2010.??.??"]
[Round "?"]
[White "Gubas, Jan"]
[Black "Kasik, Miroslav"]
[Result "1/2-1/2"]
[WhiteElo "2326"]
[BlackElo "2123"]
[Annotator "001"]
[PlyCount "34"]
[EventDate "2010.??.??"]
[EventType "corr"]
[SourceDate "2002.06.29"]

1. e4 e5 2. Nf3 Nf6 3. d4 Nxe4 4. Bd3 d5 5. Nxe5 Nd7 6. O-O Nxe5 7. dxe5 Nc5 8.
Be3 c6 9. Be2 Bf5 10. c4 dxc4 11. Bxc4 Qxd1 12. Rxd1 Na4 13. Rd2 Bb4 14. Rd4
Bc5 15. Bxf7+ Kxf7 16. Rxa4 Bxe3 17. fxe3 Rhd8 1/2-1/2

[Event "9MCR_4D_1L_3S"]
[Site "?"]
[Date "2010.??.??"]
[Round "?"]
[White "Gubas, Jan"]
[Black "Mudra, Oldrich"]
[Result "1-0"]
[WhiteElo "2326"]
[BlackElo "2191"]
[Annotator "053"]
[PlyCount "99"]
[EventDate "2010.??.??"]
[EventType "corr"]
[SourceDate "2002.06.29"]

1. e4 g6 2. d4 Bg7 3. Nc3 c6 4. Nf3 d6 5. h3 Nf6 6. Be2 O-O 7. Be3 b5 8. a3
Nbd7 9. O-O Qc7 10. Qd2 Re8 11. Bh6 Bb7 12. Bxg7 Kxg7 13. Rfe1 a6 14. e5 dxe5
15. dxe5 Nxe5 16. Nxe5 Qxe5 17. Bxb5 Qc7 18. Bf1 Rad8 19. Qe3 e5 20. Qa7 Nd5
21. Ne4 Bc8 22. Qxc7 Nxc7 23. Rad1 f6 24. Nd6 Rf8 25. f4 Be6 26. fxe5 fxe5 27.
Rxe5 Kf6 28. Ree1 Ke7 29. Ne4 Rxd1 30. Rxd1 a5 31. Nc5 Rf5 32. Nb7 Bc8 33. Nd6
Rf8 34. Nxc8+ Rxc8 35. Rd4 g5 36. Bd3 h6 37. Be4 Ne6 38. Ra4 Rb8 39. b3 Nc5 40.
Rxa5 Nxe4 41. Re5+ Kd6 42. Rxe4 Ra8 43. Kf2 Ra5 44. Ke3 Rf5 45. Re8 Rf6 46. c3
Kc5 47. a4 Rf1 48. b4+ Kc4 49. Rc8 Kxc3 50. b5 1-0

[Event "9MCR_4D_1L_3S"]
[Site "?"]
[Date "2010.??.??"]
[Round "?"]
[White "Gubas, Jan"]
[Black "Pravec, Ladislav"]
[Result "1/2-1/2"]
[WhiteElo "2326"]
[BlackElo "2320"]
[Annotator "006"]
[PlyCount "43"]
[EventDate "2010.??.??"]
[EventType "corr"]
[SourceDate "2002.06.29"]

1. e4 c5 2. Nf3 Nc6 3. d4 cxd4 4. Nxd4 Nf6 5. Nc3 e5 6. Ndb5 d6 7. Bg5 a6 8.
Na3 b5 9. Bxf6 gxf6 10. Nd5 f5 11. Bd3 Be6 12. c3 Bg7 13. Qh5 O-O 14. O-O f4
15. Nc2 f5 16. Ncb4 Nxb4 17. Nxb4 a5 18. exf5 Bf7 19. Qh3 Qf6 20. Nc2 b4 21.
cxb4 d5 22. Bb5 1/2-1/2

[Event "9MCR_4D_1L_3S"]
[Site "?"]
[Date "2010.??.??"]
[Round "?"]
[White "Hrdy, Roman"]
[Black "Alexa, Jaroslav"]
[Result "1-0"]
[WhiteElo "2288"]
[BlackElo "2311"]
[Annotator "071"]
[PlyCount "113"]
[EventDate "2010.??.??"]
[EventType "corr"]
[SourceDate "2002.06.29"]

1. d4 Nf6 2. Bg5 Ne4 3. Bf4 c5 4. f3 Qa5+ 5. c3 Nf6 6. d5 Qb6 7. Bc1 e6 8. c4
Bd6 9. e4 Be5 10. Nc3 O-O 11. Bd3 d6 12. Nge2 Na6 13. dxe6 fxe6 14. a3 Bd4 15.
Na4 Qc7 16. Nxd4 cxd4 17. b4 b6 18. O-O Nb8 19. f4 Bb7 20. Qe2 Nbd7 21. Bd2 e5
22. f5 Qc6 23. Nb2 a5 24. b5 Qc7 25. Na4 Rac8 26. Rae1 Nc5 27. Nxc5 Qxc5 28.
Bc1 Qc7 29. Rf3 Qf7 30. a4 Nd7 31. Rh3 Rc7 32. Ba3 Nc5 33. Bxc5 dxc5 34. Rf1
Rd7 35. Rff3 Rd6 36. Rh4 Qe7 37. Rfh3 h6 38. Qd2 Kf7 39. g4 Rg8 40. Rh5 Ke8 41.
Qg2 Bc8 42. g5 Kf8 43. Rg3 hxg5 44. Rhxg5 Bd7 45. Rh5 Qf7 46. Qh3 Be8 47. Rh7
Qf6 48. Kf2 Bf7 49. Ke1 Ke8 50. Qg2 Kf8 51. h4 g6 52. Rg5 gxf5 53. exf5 Rh8 54.
Qa8+ Be8 55. Rg6 Rxh7 56. Rxf6+ Rxf6 57. Be4 1-0

[Event "9MCR_4D_1L_3S"]
[Site "?"]
[Date "2010.??.??"]
[Round "?"]
[White "Jarabinsky, Martin"]
[Black "Alexa, Jaroslav"]
[Result "1/2-1/2"]
[WhiteElo "2081"]
[BlackElo "2311"]
[Annotator "062"]
[PlyCount "68"]
[EventDate "2010.??.??"]
[EventType "corr"]
[SourceDate "2002.06.29"]

1. d4 d5 2. c4 e6 3. Nc3 c6 4. e3 Nf6 5. Nf3 Nbd7 6. Qc2 Bd6 7. Bd3 dxc4 8.
Bxc4 O-O 9. O-O a6 10. Bd3 c5 11. Bd2 h6 12. Rac1 cxd4 13. exd4 b5 14. Ne4 Nxe4
15. Bxe4 Rb8 16. Rfd1 Bb7 17. Bxb7 Rxb7 18. Qc6 Rb6 19. Qc3 b4 20. Qb3 Rb5 21.
Rc6 Nb8 22. Rc4 a5 23. Rdc1 Nd7 24. h3 Nf6 25. a3 Qb8 26. axb4 Bxb4 27. Bxb4
Rxb4 28. Rxb4 Qxb4 29. Qxb4 axb4 30. Ne5 Nd5 31. g3 Ra8 32. Kg2 g5 33. Nd3 Kg7
34. Kf3 h5 1/2-1/2

[Event "9MCR_4D_1L_3S"]
[Site "?"]
[Date "2010.??.??"]
[Round "?"]
[White "Jarabinsky, Martin"]
[Black "Mudra, Oldrich"]
[Result "1/2-1/2"]
[WhiteElo "2081"]
[BlackElo "2123"]
[Annotator "022"]
[PlyCount "49"]
[EventDate "2010.??.??"]
[EventType "corr"]
[SourceDate "2002.06.29"]

1. d4 Nf6 2. Nf3 d5 3. c4 dxc4 4. e3 e6 5. Nc3 a6 6. a4 b6 7. Bxc4 Bb7 8. Qe2
Bb4 9. O-O O-O 10. Rd1 Nbd7 11. Ne5 Qe7 12. Nd3 c5 13. Nxb4 cxb4 14. Nb1 e5 15.
Nd2 Rfd8 16. h3 Re8 17. Nf3 e4 18. Nh2 a5 19. Bd2 Rec8 20. Rdc1 Ne8 21. Bb3 Nd6
22. Rxc8+ Rxc8 23. Rc1 h6 24. Rxc8+ Bxc8 25. Qf1 1/2-1/2

[Event "9MCR_4D_1L_3S"]
[Site "?"]
[Date "2010.??.??"]
[Round "?"]
[White "Jarabinsky, Martin"]
[Black "Nigrin, Jiri"]
[Result "1/2-1/2"]
[WhiteElo "2081"]
[BlackElo "2124"]
[Annotator "059"]
[PlyCount "108"]
[EventDate "2010.??.??"]
[EventType "corr"]
[SourceDate "2002.06.29"]

1. e4 c5 2. Nf3 Nc6 3. d4 cxd4 4. Nxd4 Nf6 5. Nc3 e5 6. Ndb5 d6 7. Bg5 a6 8.
Na3 b5 9. Nd5 Qa5+ 10. Bd2 Qd8 11. Bd3 Nxd5 12. exd5 Ne7 13. O-O g6 14. c4 Bg7
15. cxb5 O-O 16. Qb3 Bb7 17. Bc4 Nf5 18. bxa6 Bxa6 19. Bxa6 Rxa6 20. Nb5 Qd7
21. a4 Rb8 22. Be3 e4 23. Rac1 Be5 24. Rc4 Nxe3 25. fxe3 Rc8 26. Rfc1 Rxc4 27.
Qxc4 Bxb2 28. Rc2 Be5 29. Qxe4 Qd8 30. Rc7 Qa8 31. Rc4 Rb6 32. Kf2 Qa5 33. Rc8+
Kg7 34. Qc2 Ra6 35. Rc4 Rb6 36. Qe2 Rb8 37. g3 Rb7 38. Kg2 Rb6 39. Kf1 Rb8 40.
Qd1 h5 41. Qe2 Qd8 42. Qc2 Rb7 43. Kg1 Qg5 44. Qf2 Qe7 45. Qd2 Kg8 46. Kg2 Qg5
47. Qf2 Kg7 48. Qf3 Qe7 49. Qe4 Qd8 50. Qc2 Qg5 51. Qd3 Qd8 52. Qe2 Qg5 53. Kg1
Qe7 54. Qf3 Qd8 1/2-1/2

[Event "9MCR_4D_1L_3S"]
[Site "?"]
[Date "2010.??.??"]
[Round "?"]
[White "Jarabinsky, Martin"]
[Black "Pravec, Ladislav"]
[Result "1/2-1/2"]
[WhiteElo "2081"]
[BlackElo "2320"]
[Annotator "010"]
[PlyCount "41"]
[EventDate "2010.??.??"]
[EventType "corr"]
[SourceDate "2002.06.29"]

1. e4 c5 2. Nf3 Nc6 3. Bb5 g6 4. O-O Bg7 5. Re1 Nf6 6. Nc3 O-O 7. e5 Ne8 8.
Bxc6 dxc6 9. d3 Bg4 10. h3 Bxf3 11. Qxf3 Nc7 12. Be3 Ne6 13. Qe4 Qc7 14. f4
Rad8 15. Ne2 Qd7 16. Rad1 f6 17. exf6 Bxf6 18. Rb1 b6 19. Bf2 Rf7 20. a4 Bg7
21. a5 1/2-1/2

[Event "9MCR_4D_1L_3S"]
[Site "?"]
[Date "2010.??.??"]
[Round "?"]
[White "Jarabinsky, Martin"]
[Black "Vacek, Frantisek"]
[Result "1/2-1/2"]
[WhiteElo "2081"]
[BlackElo "2048"]
[Annotator "047"]
[PlyCount "72"]
[EventDate "2010.??.??"]
[EventType "corr"]
[SourceDate "2002.06.29"]

1. c4 e5 2. Nc3 Nf6 3. g3 Bb4 4. Nd5 Nxd5 5. cxd5 O-O 6. Bg2 d6 7. e3 c6 8. Ne2
cxd5 9. a3 Ba5 10. b4 Bb6 11. Bxd5 Nd7 12. O-O Nf6 13. Bg2 Qe7 14. Bb2 Bg4 15.
Re1 Rfc8 16. d4 h6 17. h3 Bf5 18. Nc3 e4 19. Qb3 Kh8 20. g4 Bd7 21. d5 h5 22.
gxh5 Kh7 23. a4 a5 24. bxa5 Bxa5 25. Rec1 b6 26. Nb5 Rc5 27. Rc4 Kh6 28. Rb1
Re8 29. Rbc1 Kxh5 30. Bd4 Kg6 31. Bxc5 bxc5 32. Nc3 Bxc3 33. Qxc3 Nxd5 34. Qd2
Nf6 35. a5 Qe5 36. Rb1 Bc6 1/2-1/2

[Event "9MCR_4D_1L_3S"]
[Site "?"]
[Date "2010.??.??"]
[Round "?"]
[White "Kasik, Miroslav"]
[Black "Alexa, Jaroslav"]
[Result "0-1"]
[WhiteElo "2123"]
[BlackElo "2311"]
[Annotator "068"]
[PlyCount "104"]
[EventDate "2010.??.??"]
[EventType "corr"]
[SourceDate "2002.06.29"]

1. e4 c5 2. Nf3 Nc6 3. d4 cxd4 4. Nxd4 Nf6 5. Nc3 e5 6. Ndb5 d6 7. Nd5 Nxd5 8.
exd5 Nb8 9. Bd3 a6 10. Nc3 Be7 11. Qh5 Nd7 12. O-O Nf6 13. Qf3 O-O 14. Bd2 Bg4
15. Qg3 Qd7 16. f4 Nh5 17. Qf2 Nxf4 18. Bxf4 exf4 19. Qxf4 Rae8 20. Ne4 h6 21.
Rae1 f5 22. Nf2 Bg5 23. Qc4 Bh5 24. Re6 b5 25. Qb3 Bf4 26. Kh1 Be5 27. Nh3 f4
28. Ng1 Bf7 29. Rxe8 Rxe8 30. c4 bxc4 31. Bxc4 Qc7 32. Qd3 Bxb2 33. Rxf4 a5 34.
Nf3 Bf6 35. h3 Qc5 36. Qf5 g5 37. Rg4 Bg7 38. Re4 Rxe4 39. Qxe4 Bf6 40. Kh2 a4
41. h4 Kg7 42. hxg5 hxg5 43. Qg4 Qe3 44. Qf5 a3 45. Bb3 Qe7 46. Bc2 Be5+ 47.
Nxe5 Qxe5+ 48. Qxe5+ dxe5 49. Bb3 Bg6 50. Kg3 Kf6 51. Kf3 Ke7 52. g3 Kd6 0-1

[Event "9MCR_4D_1L_3S"]
[Site "?"]
[Date "2010.??.??"]
[Round "?"]
[White "Kasik, Miroslav"]
[Black "Ertl, Lubos"]
[Result "0-1"]
[WhiteElo "2123"]
[BlackElo "2149"]
[Annotator "030"]
[PlyCount "98"]
[EventDate "2010.??.??"]
[EventType "corr"]
[SourceDate "2002.06.29"]

1. e4 c5 2. Nf3 Nc6 3. d4 cxd4 4. Nxd4 Nf6 5. Nc3 e5 6. Ndb5 d6 7. Nd5 Nxd5 8.
exd5 Nb8 9. Bd3 Be7 10. O-O O-O 11. Be3 a6 12. Nc3 f5 13. f4 e4 14. Be2 Nd7 15.
a4 b6 16. Na2 Bf6 17. c3 a5 18. Nc1 Nc5 19. Nb3 Ba6 20. Bxa6 Rxa6 21. Qe2 Ra8
22. Qb5 Rb8 23. Rfd1 Qe7 24. Nc1 Rfc8 25. Ra3 Qe8 26. h3 g6 27. Qxe8+ Rxe8 28.
Kf2 h5 29. Rd2 Kf7 30. b4 Na6 31. Na2 Rec8 32. Rb2 Ra8 33. Rbb3 axb4 34. Nxb4
Nc5 35. Bxc5 Rxc5 36. Ke2 g5 37. fxg5 Bxg5 38. Nc2 Rxd5 39. Nd4 Ra6 40. Rb4 h4
41. Rab3 Bf6 42. Ke3 Kg6 43. Rb1 Be5 44. R1b2 Kf6 45. Rf2 Bxd4+ 46. cxd4 Rda5
47. Rfb2 Kg5 48. Rxb6 Rxa4 49. Rb8 Ra3+ 0-1

[Event "9MCR_4D_1L_3S"]
[Site "?"]
[Date "2010.??.??"]
[Round "?"]
[White "Kasik, Miroslav"]
[Black "Jarabinsky, Martin"]
[Result "1/2-1/2"]
[WhiteElo "2123"]
[BlackElo "2081"]
[Annotator "013"]
[PlyCount "64"]
[EventDate "2010.??.??"]
[EventType "corr"]
[SourceDate "2002.06.29"]

1. e4 e6 2. d4 d5 3. Nd2 c5 4. exd5 exd5 5. Ngf3 a6 6. dxc5 Bxc5 7. Nb3 Ba7 8.
Bd3 Qe7+ 9. Qe2 Nc6 10. Bg5 Qxe2+ 11. Kxe2 Nf6 12. Bxf6 gxf6 13. Rhe1 O-O 14.
Kf1 Bg4 15. Be2 Kg7 16. Rad1 Rad8 17. c3 Bc8 18. Nfd4 Rfe8 19. Bd3 Re5 20. f4
Rh5 21. Kg1 Bd7 22. Kh1 a5 23. Nxc6 bxc6 24. Nxa5 Bf2 25. Rf1 Bg3 26. h3 Rh4
27. Nb3 Bxf4 28. Nd4 c5 29. Nf5+ Bxf5 30. Bxf5 Be5 31. g3 Ra4 32. Bb1 c4
1/2-1/2

[Event "9MCR_4D_1L_3S"]
[Site "?"]
[Date "2010.??.??"]
[Round "?"]
[White "Kasik, Miroslav"]
[Black "Mudra, Oldrich"]
[Result "1/2-1/2"]
[WhiteElo "2123"]
[BlackElo "2191"]
[Annotator "023"]
[PlyCount "53"]
[EventDate "2010.??.??"]
[EventType "corr"]
[SourceDate "2002.06.29"]

1. e4 g6 2. d4 Bg7 3. Nf3 d6 4. Nc3 c6 5. Be2 Nf6 6. O-O O-O 7. Qd3 Qb6 8. Rd1
Na6 9. Qd2 Rd8 10. a3 d5 11. e5 Ne4 12. Qf4 Bf5 13. Bd3 Nxc3 14. bxc3 Bxd3 15.
cxd3 Nc7 16. Qh4 f6 17. Bh6 Re8 18. Bxg7 Kxg7 19. Qh3 Rad8 20. c4 f5 21. c5 Qa6
22. Qh4 Ne6 23. Ng5 Nxg5 24. Qxg5 b6 25. e6 Rb8 26. Qg3 Kg8 27. Qc7 1/2-1/2

[Event "9MCR_4D_1L_3S"]
[Site "?"]
[Date "2010.??.??"]
[Round "?"]
[White "Kasik, Miroslav"]
[Black "Pravec, Ladislav"]
[Result "0-1"]
[WhiteElo "2123"]
[BlackElo "2320"]
[Annotator "008"]
[PlyCount "52"]
[EventDate "2010.??.??"]
[EventType "corr"]
[SourceDate "2002.06.29"]

1. e4 c5 2. Nf3 Nc6 3. d4 cxd4 4. Nxd4 Nf6 5. Nc3 e5 6. Ndb5 d6 7. Nd5 Nxd5 8.
exd5 Ne7 9. c3 Nf5 10. Bd3 Be7 11. O-O O-O 12. Qh5 g6 13. Qf3 Bd7 14. Na3 Rc8
15. Nc4 b5 16. Na3 Qb6 17. Nc2 a5 18. Qe2 Qb7 19. a4 bxa4 20. Ba6 Qxd5 21. Rd1
Qc6 22. Bxc8 Rxc8 23. f4 Re8 24. Ne3 Bh4 25. Nxf5 Bxf5 26. Qf2 Bxf2+ 0-1

[Event "9MCR_4D_1L_3S"]
[Site "?"]
[Date "2010.??.??"]
[Round "?"]
[White "Mudra, Oldrich"]
[Black "Alexa, Jaroslav"]
[Result "0-1"]
[WhiteElo "2191"]
[BlackElo "2311"]
[Annotator "054"]
[PlyCount "60"]
[EventDate "2010.??.??"]
[EventType "corr"]
[SourceDate "2002.06.29"]

1. Nf3 d5 2. d4 c6 3. Nbd2 Nf6 4. c4 Bf5 5. Nh4 Be4 6. f3 Bg6 7. Qb3 Qc7 8. e4
dxe4 9. Nxe4 Bxe4 10. fxe4 e5 11. Be2 Nbd7 12. O-O O-O-O 13. Be3 exd4 14. Bxd4
Nc5 15. Qh3+ Kb8 16. Nf5 Ncxe4 17. Rad1 g6 18. Ne3 Rxd4 19. Rxd4 Bc5 20. Rd3
Qe5 21. Qh4 g5 22. Qe1 Re8 23. Kh1 Qxb2 24. Bf3 Bb4 25. Qe2 Qxe2 26. Bxe2 Nc5
27. Rxf6 Nxd3 28. Bxd3 Rxe3 29. Rf3 Re7 30. g4 h6 0-1

[Event "9MCR_4D_1L_3S"]
[Site "?"]
[Date "2010.??.??"]
[Round "?"]
[White "Mudra, Oldrich"]
[Black "Nigrin, Jiri"]
[Result "1/2-1/2"]
[WhiteElo "2191"]
[BlackElo "2124"]
[Annotator "036"]
[PlyCount "62"]
[EventDate "2010.??.??"]
[EventType "corr"]
[SourceDate "2002.06.29"]

1. Nf3 d5 2. d4 Nf6 3. g3 g6 4. Bg2 Nc6 5. b3 Bg7 6. Bb2 O-O 7. O-O Bf5 8. Nbd2
b5 9. c4 bxc4 10. bxc4 Rb8 11. Ba3 a5 12. Rc1 Be6 13. Qa4 Nb4 14. Qxa5 Nc6 15.
Qc5 Ra8 16. Rfe1 Qd6 17. cxd5 Bxd5 18. Nc4 Qxc5 19. Bxc5 Rxa2 20. Nfe5 Bxg2 21.
Kxg2 Nxe5 22. Nxe5 Re8 23. e4 h5 24. Rb1 e6 25. Rb7 Rc8 26. h3 Rc2 27. Be7 Ra8
28. Nf3 Nh7 29. e5 Bf8 30. Bxf8 Kxf8 31. Rbb1 Raa2 1/2-1/2

[Event "9MCR_4D_1L_3S"]
[Site "?"]
[Date "2010.??.??"]
[Round "?"]
[White "Mudra, Oldrich"]
[Black "Pravec, Ladislav"]
[Result "0-1"]
[WhiteElo "2191"]
[BlackElo "2320"]
[Annotator "072"]
[PlyCount "136"]
[EventDate "2010.??.??"]
[EventType "corr"]
[SourceDate "2002.06.29"]

1. Nf3 Nf6 2. g3 d5 3. d4 e6 4. c4 dxc4 5. Qa4+ Nbd7 6. Qxc4 a6 7. Bg2 b5 8.
Qc6 Rb8 9. Bf4 Nd5 10. Bg5 Be7 11. Qc1 Bb7 12. O-O Rc8 13. Bxe7 Qxe7 14. a4
bxa4 15. Nc3 c5 16. Nxd5 Bxd5 17. Rxa4 O-O 18. Qe3 cxd4 19. Rxd4 Nf6 20. Rfd1
Qb7 21. Qa3 Rb8 22. b4 Rfc8 23. h3 h6 24. Ra1 Rc2 25. Bf1 Ne4 26. Qxa6 Qxa6 27.
Rxa6 Rc1 28. Ra5 Rbc8 29. Raxd5 exd5 30. Rxd5 R8c4 31. b5 Rb1 32. Kg2 Rcc1 33.
Nh2 g6 34. g4 Kg7 35. h4 Nc3 36. Rc5 Nxe2 37. Rxc1 Nxc1 38. g5 Rb4 39. Nf3 h5
40. Ne5 Nb3 41. Bc4 Nd4 42. b6 Rxb6 43. Nxf7 Nf5 44. Ne5 Rb2 45. Bd3 Nxh4+ 46.
Kh3 Nf5 47. Kg2 Rb3 48. Kh3 Ra3 49. Kh2 Ne7 50. Bc4 Ra5 51. f4 Ra4 52. Kg2 Nf5
53. Kf3 h4 54. Bf1 Ra3+ 55. Kf2 Ng3 56. Bg2 Nh5 57. Nf3 Ra2+ 58. Kg1 Nxf4 59.
Nxh4 Nxg2 60. Nxg2 Ra5 61. Kf2 Rxg5 62. Nf4 Kf6 63. Kf3 Ra5 64. Kg4 Ra4 65. Kf3
g5 66. Nd5+ Ke5 67. Ne3 Ra3 68. Kf2 Ke4 0-1

[Event "9MCR_4D_1L_3S"]
[Site "?"]
[Date "2010.??.??"]
[Round "?"]
[White "Mudra, Oldrich"]
[Black "Struzka, Vlastimil"]
[Result "1/2-1/2"]
[WhiteElo "2191"]
[BlackElo "2187"]
[Annotator "041"]
[PlyCount "80"]
[EventDate "2010.??.??"]
[EventType "corr"]
[SourceDate "2002.06.29"]

1. Nf3 Nf6 2. g3 Nc6 3. d4 d5 4. c3 e5 5. dxe5 Ng4 6. Bf4 Be7 7. h3 g5 8. Bxg5
Ngxe5 9. Nxe5 Bxg5 10. Nxc6 bxc6 11. Nd2 O-O 12. e3 Rb8 13. Qc2 c5 14. Bd3 h6
15. h4 Be7 16. g4 c4 17. Be2 Qd6 18. b3 Qc6 19. Bf3 Qe6 20. bxc4 dxc4 21. g5
Rd8 22. Rg1 hxg5 23. hxg5 Qf5 24. Be4 Qc5 25. Bh7+ Kg7 26. a4 Rh8 27. Be4 Rh4
28. Nf3 Rg4 29. Rh1 Bxg5 30. Rh5 f5 31. Rxg5+ Rxg5 32. Nxg5 fxe4 33. Nxe4 Qe5
34. f3 Bf5 35. Qg2+ Kf7 36. Qg3 Qxg3+ 37. Nxg3 Bd3 38. Rd1 Rb2 39. Rd2 Rb3 40.
Ne2 Ra3 1/2-1/2

[Event "9MCR_4D_1L_3S"]
[Site "?"]
[Date "2010.??.??"]
[Round "?"]
[White "Mudra, Oldrich"]
[Black "Vacek, Frantisek"]
[Result "1/2-1/2"]
[WhiteElo "2191"]
[BlackElo "2048"]
[Annotator "016"]
[PlyCount "46"]
[EventDate "2010.??.??"]
[EventType "corr"]
[SourceDate "2002.06.29"]

1. Nf3 d5 2. d4 Nf6 3. g3 e6 4. Bg2 Be7 5. c4 O-O 6. O-O dxc4 7. Qc2 a6 8. a4
Bd7 9. Qxc4 Bc6 10. Bg5 a5 11. Bxf6 Bxf6 12. Nc3 Ra6 13. e3 Rb6 14. Qe2 Qe7 15.
Rfd1 Bd5 16. Rab1 Rd8 17. Nd2 Nc6 18. Nde4 g6 19. Nxd5 exd5 20. Nxf6+ Qxf6 21.
Rbc1 Qe7 22. Qd2 Nb4 23. Rc5 Ra6 1/2-1/2

[Event "9MCR_4D_1L_3S"]
[Site "?"]
[Date "2010.??.??"]
[Round "?"]
[White "Nigrin, Jiri"]
[Black "Ertl, Lubos"]
[Result "1/2-1/2"]
[WhiteElo "2124"]
[BlackElo "2149"]
[Annotator "024"]
[PlyCount "45"]
[EventDate "2010.??.??"]
[EventType "corr"]
[SourceDate "2002.06.29"]

1. e4 e5 2. Nf3 Nc6 3. Bb5 a6 4. Bxc6 dxc6 5. O-O f6 6. d4 exd4 7. Nxd4 c5 8.
Nb3 Qxd1 9. Rxd1 Bg4 10. f3 Be6 11. Nc3 Bd6 12. Be3 b6 13. a4 a5 14. Nb5 O-O-O
15. Rd2 f5 16. Nxd6+ cxd6 17. Rad1 Nf6 18. Rxd6 Bxb3 19. cxb3 fxe4 20. Bf4 exf3
21. gxf3 Rxd6 22. Rxd6 Kb7 23. Be5 1/2-1/2

[Event "9MCR_4D_1L_3S"]
[Site "?"]
[Date "2010.??.??"]
[Round "?"]
[White "Nigrin, Jiri"]
[Black "Glaser, Karel"]
[Result "0-1"]
[WhiteElo "2124"]
[BlackElo "2218"]
[Annotator "035"]
[PlyCount "102"]
[EventDate "2010.??.??"]
[EventType "corr"]
[SourceDate "2002.06.29"]

1. e4 e5 2. Nf3 Nc6 3. Bb5 a6 4. Bxc6 dxc6 5. O-O Qd6 6. d4 exd4 7. Nxd4 Bd7 8.
Be3 O-O-O 9. Nd2 c5 10. N4f3 Qe6 11. Re1 h6 12. e5 g5 13. h3 Bc6 14. Qe2 g4 15.
hxg4 Qxg4 16. Nf1 Bb5 17. N1h2 Qe6 18. c4 Bxc4 19. Qc2 Bd3 20. Qc3 c4 21. b3
Ne7 22. Nd4 Qg6 23. bxc4 Rg8 24. g3 Be4 25. Red1 Qh5 26. Bf4 Nc6 27. Qe3 Bc2
28. Rd2 Bb4 29. Rxc2 Rxd4 30. Nf3 Bc5 31. Nxd4 Bxd4 32. Qc1 Nxe5 33. Rb1 Ng4
34. Kg2 Qh2+ 35. Kf3 Nxf2 36. Qd2 Qh5+ 37. Kg2 Qh3+ 38. Kf3 Qd7 39. Kg2 h5 40.
Qxf2 Bxf2 41. Rxf2 h4 42. Rb3 f5 43. Re3 Qd4 44. a3 Qxc4 45. Ref3 c5 46. Kh2
hxg3+ 47. Rxg3 Rh8+ 48. Rh3 Rxh3+ 49. Kxh3 Qd3+ 50. Kg2 Qxa3 51. Re2 c4 0-1

[Event "9MCR_4D_1L_3S"]
[Site "?"]
[Date "2010.??.??"]
[Round "?"]
[White "Nigrin, Jiri"]
[Black "Gubas, Jan"]
[Result "1/2-1/2"]
[WhiteElo "2124"]
[BlackElo "2326"]
[Annotator "004"]
[PlyCount "39"]
[EventDate "2010.??.??"]
[EventType "corr"]
[SourceDate "2002.06.29"]

1. e4 e5 2. Nf3 Nc6 3. Bb5 a6 4. Bxc6 dxc6 5. O-O f6 6. d4 Bg4 7. dxe5 Qxd1 8.
Rxd1 fxe5 9. Rd3 Bd6 10. Nbd2 b5 11. b3 Ne7 12. a4 O-O 13. h3 Be6 14. Ng5 Bc8
15. axb5 cxb5 16. Ba3 Rf6 17. Bxd6 Rxd6 18. Ngf3 Rxd3 19. cxd3 Nc6 20. Rc1
1/2-1/2

[Event "9MCR_4D_1L_3S"]
[Site "?"]
[Date "2010.??.??"]
[Round "?"]
[White "Nigrin, Jiri"]
[Black "Kasik, Miroslav"]
[Result "1-0"]
[WhiteElo "2124"]
[BlackElo "2123"]
[Annotator "050"]
[PlyCount "113"]
[EventDate "2010.??.??"]
[EventType "corr"]
[SourceDate "2002.06.29"]

1. e4 e5 2. Nf3 Nf6 3. Nxe5 d6 4. Nf3 Nxe4 5. d4 d5 6. Bd3 Bd6 7. O-O O-O 8. c4
Bg4 9. cxd5 Nf6 10. Nc3 Nbd7 11. h3 Bh5 12. Bg5 h6 13. Bh4 Nb6 14. g4 Bg6 15.
Re1 Bxd3 16. Qxd3 Be7 17. Bxf6 Bxf6 18. Qb5 a6 19. Qb3 Be7 20. Ne5 Bd6 21. Re3
Re8 22. Rae1 a5 23. a3 a4 24. Qb5 Rf8 25. Kg2 Qf6 26. b4 Qd8 27. Qd3 Qg5 28.
Qb5 Qd8 29. f4 Rb8 30. R3e2 Ra8 31. f5 Re8 32. Re4 Rf8 33. Qf1 Be7 34. Nf3 Bd6
35. Qb5 Kh8 36. Ne5 Kh7 37. Qd3 Kg8 38. Qe2 Re8 39. Qf3 Rf8 40. R1e2 Rb8 41.
R2e3 Rc8 42. Qe2 Ra8 43. Qb2 Be7 44. Qa2 Bf6 45. Rd3 Rb8 46. Rd2 Rc8 47. Ree2
Be7 48. Nd3 Rb8 49. Nc5 Bg5 50. Rc2 Bf4 51. Re4 Bd6 52. Rce2 Qh4 53. R2e3 Rfd8
54. Qe2 Bf8 55. Rg3 Qg5 56. h4 Qc1 57. f6 1-0

[Event "9MCR_4D_1L_3S"]
[Site "?"]
[Date "2010.??.??"]
[Round "?"]
[White "Nigrin, Jiri"]
[Black "Prchly, Milos"]
[Result "1/2-1/2"]
[WhiteElo "2124"]
[BlackElo "2263"]
[Annotator "028"]
[PlyCount "45"]
[EventDate "2010.??.??"]
[EventType "corr"]
[SourceDate "2002.06.29"]

1. e4 c5 2. Nf3 d6 3. Bb5+ Bd7 4. Bxd7+ Qxd7 5. c4 Nc6 6. Nc3 Nf6 7. d4 cxd4 8.
Nxd4 g6 9. f3 Bg7 10. Be3 O-O 11. O-O Ne8 12. Rc1 Nc7 13. f4 f5 14. exf5 Bxd4
15. Bxd4 Rxf5 16. Be3 Rd8 17. Qf3 d5 18. cxd5 Nxd5 19. Rfd1 e6 20. Qf2 Qe7 21.
Nxd5 exd5 22. Bxa7 Nxa7 23. Qxa7 1/2-1/2

[Event "9MCR_4D_1L_3S"]
[Site "?"]
[Date "2010.??.??"]
[Round "?"]
[White "Nigrin, Jiri"]
[Black "Struzka, Vlastimil"]
[Result "0-1"]
[WhiteElo "2124"]
[BlackElo "2187"]
[Annotator "040"]
[PlyCount "98"]
[EventDate "2010.??.??"]
[EventType "corr"]
[SourceDate "2002.06.29"]

1. e4 e5 2. Nf3 Nc6 3. d4 exd4 4. Nxd4 Nf6 5. Nxc6 bxc6 6. Bd3 d5 7. e5 Ng4 8.
O-O Bc5 9. Qe2 Qe7 10. Bf4 g5 11. Bg3 h5 12. h3 h4 13. Bh2 Nxh2 14. Kxh2 Bd4
15. c3 Qxe5+ 16. f4 Qxe2 17. Bxe2 Bg7 18. fxg5 Rb8 19. b3 Rg8 20. Kg1 Be5 21.
Nd2 Bxc3 22. Rad1 Rb4 23. Nf3 Bd7 24. Bd3 Ke7 25. Bh7 Rh8 26. Bc2 Rf4 27. Kf2
Kd6 28. Ke3 Rb4 29. a3 Rbb8 30. Nd2 Bxd2+ 31. Kxd2 Be6 32. Rf6 Rbg8 33. g6 Ke7
34. Rdf1 fxg6 35. R6f2 c5 36. b4 c4 37. Kc3 g5 38. Bf5 Rh6 39. Kd4 Kd6 40. Bb1
g4 41. Rf6 Rxf6 42. Rxf6 Ke7 43. Rh6 gxh3 44. gxh3 Rg3 45. Rxh4 Rxa3 46. Kc5
Rf3 47. Rh7+ Bf7 48. Bg6 c3 49. Kd4 a5 0-1

[Event "9MCR_4D_1L_3S"]
[Site "?"]
[Date "2010.??.??"]
[Round "?"]
[White "Pravec, Ladislav"]
[Black "Alexa, Jaroslav"]
[Result "1/2-1/2"]
[WhiteElo "2320"]
[BlackElo "2311"]
[Annotator "034"]
[PlyCount "50"]
[EventDate "2010.??.??"]
[EventType "corr"]
[SourceDate "2002.06.29"]

1. d4 Nf6 2. c4 e6 3. Nf3 b6 4. g3 Ba6 5. b3 Bb4+ 6. Bd2 Be7 7. Bg2 c6 8. Bc3
d5 9. Nbd2 Nbd7 10. O-O O-O 11. Re1 c5 12. e4 dxe4 13. Ng5 cxd4 14. Bxd4 Qc7
15. Ndxe4 Rad8 16. Qe2 h6 17. Nxf6+ Nxf6 18. Be5 Bd6 19. Nf3 Bb7 20. Bxf6 gxf6
21. Rad1 f5 22. Nd4 Bb4 23. Rf1 Bc5 24. Bxb7 Qxb7 25. Nf3 Kh7 1/2-1/2